The Warren Court and the pursuit of justice : (Record no. 1340)

000 -LEADER
fixed length control field 01203nam a22003617a 4500
001 - CONTROL NUMBER
control field 4036932
003 - CONTROL NUMBER IDENTIFIER
control field OSt
005 - DATE AND TIME OF LATEST TRANSACTION
control field 20210426083204.0
008 - FIXED-LENGTH DATA ELEMENTS--GENERAL INFORMATION
fixed length control field 980701s1998 nyu b 001 0 eng
010 ## - LIBRARY OF CONGRESS CONTROL NUMBER
LC control number 98070380
020 ## - INTERNATIONAL STANDARD BOOK NUMBER
International Standard Book Number 0809096641
040 ## - CATALOGING SOURCE
Original cataloging agency DLC
Transcribing agency DLC
Modifying agency DLC
Language of cataloging eng
041 ## - LANGUAGE CODE
Language code of text/sound track or separate title eng
043 ## - GEOGRAPHIC AREA CODE
Geographic area code n-us---
050 00 - LIBRARY OF CONGRESS CALL NUMBER
Classification number KF8742
Item number .H67 1998
080 ## - UNIVERSAL DECIMAL CLASSIFICATION NUMBER
Universal Decimal Classification number 340
Item number H-80
082 00 - DEWEY DECIMAL CLASSIFICATION NUMBER
Classification number 347.73/26/09
Edition number 21
100 1# - MAIN ENTRY--PERSONAL NAME
Personal name Horwitz, Morton J.,
Dates associated with a name 1938-
245 14 - TITLE STATEMENT
Title The Warren Court and the pursuit of justice :
Remainder of title a critical issue /
Statement of responsibility, etc. / by: Hill and Wang
250 ## - EDITION STATEMENT
Edition statement 1st edition
260 ## - PUBLICATION, DISTRIBUTION, ETC.
Place of publication, distribution, etc. New York
Name of publisher, distributor, etc. Hill and Wang
Date of publication, distribution, etc. 1998.
300 ## - PHYSICAL DESCRIPTION
Extent xii, 132 p.
Dimensions 22 cm.
365 ## - TRADE PRICE
Price amount 18 usd
504 ## - BIBLIOGRAPHY, ETC. NOTE
Bibliography, etc. note Includes bibliographical references (p. [119]-124) and index.
600 10 - SUBJECT ADDED ENTRY--PERSONAL NAME
Personal name Warren, Earl
Dates associated with a name 1891-1974.
610 10 - SUBJECT ADDED ENTRY--CORPORATE NAME
Corporate name or jurisdiction name as entry element United States.
Subordinate unit Supreme Court
General subdivision History.
650 #0 - SUBJECT ADDED ENTRY--TOPICAL TERM
Topical term or geographic name entry element Law
General subdivision Political aspects.
653 ## - INDEX TERM--UNCONTROLLED
Uncontrolled term სამართალი
856 42 - ELECTRONIC LOCATION AND ACCESS
Materials specified Book review (H-Net)
Uniform Resource Identifier <a href="http://www.h-net.org/review/hrev-a0a9d6-aa">http://www.h-net.org/review/hrev-a0a9d6-aa</a>
906 ## - LOCAL DATA ELEMENT F, LDF (RLIN)
a 7
b cbc
c orignew
d 2
e opcn
f 19
g y-gencatlg
942 ## - ADDED ENTRY ELEMENTS (KOHA)
Source of classification or shelving scheme
Koha item type Books
Edition 1
Holdings
Withdrawn status Lost status Source of classification or shelving scheme Damaged status Not for loan Permanent location Current location Date acquired Inventory number Total Checkouts Full call number Barcode Date last seen Price effective from Koha item type
          Ken Walker International University Ken Walker International University 02/11/2021 643   340 H-80 643 02/11/2021 02/11/2021 Books

Powered by Koha